000 01035nam a22003377a 4500
001 BR8203331
003 BR-BrBNA
005 20230928091331.0
007 ta
008 230509b bl.||||| |||| 00| 0 por d
040 _aBR-BrBNA
_bpor
_cBiblioteca Nacional de Agricultura
041 _a(Por)
072 _aF23; F22
_b/G514
090 _ F23 BR8203331
100 1 _aLemos, R.C. de
100 1 _aSantos, R.D. dos
110 1 _aSociedade Brasileira de Ciencia do Solo, Campinas, SP. Comissao de Metodo de Trabalho de Campo;
_99637
110 1 _aServico Nacional de Levantamento e Conservacao de Solos, Rio de Janeiro, RJ (Brasil)
_99379
245 1 _aManual de descricao e coleta de solo no campo [Brasil]
250 1 _a2. ed.
260 3 _aCampinas, SP (Brasil):
_c1982.
300 _a46 p.
500 _a22 illus.; 12 ref.
650 _aSOLO
650 _aHORIZONTE
650 _aPERFIL DO SOLO
650 _aTEXTURA DO SOLO
650 _aANALISE DO SOLO
909 _a202309
_bLucia
_c55
_dLucia Elande
942 _cBK
999 _c33426
_d33426